<?xml version="1.0" encoding="UTF-8"?>
<record
    xmlns:xsi="http://www.w3.org/2001/XMLSchema-instance"
    xsi:schemaLocation="http://www.loc.gov/MARC21/slim http://www.loc.gov/standards/marcxml/schema/MARC21slim.xsd"
    xmlns="http://www.loc.gov/MARC21/slim">

  <leader>00420nam a22001577a 4500</leader>
  <controlfield tag="003">OSt</controlfield>
  <controlfield tag="005">20150914152016.0</controlfield>
  <controlfield tag="008">150914b        xxu||||| |||| 00| 0 eng d</controlfield>
  <datafield tag="040" ind1=" " ind2=" ">
    <subfield code="c">RUA</subfield>
  </datafield>
  <datafield tag="082" ind1=" " ind2=" ">
    <subfield code="a">AGR YI 1999 BOO25 Or.1 </subfield>
  </datafield>
  <datafield tag="100" ind1=" " ind2=" ">
    <subfield code="9">465</subfield>
    <subfield code="a">YI, KIMTHAN</subfield>
  </datafield>
  <datafield tag="245" ind1=" " ind2=" ">
    <subfield code="a">Jve community development in angsnoul district kandal province </subfield>
  </datafield>
  <datafield tag="260" ind1=" " ind2=" ">
    <subfield code="a">phnom phen</subfield>
    <subfield code="b">RUA</subfield>
    <subfield code="c">1999</subfield>
  </datafield>
  <datafield tag="300" ind1=" " ind2=" ">
    <subfield code="a">47Pp.</subfield>
    <subfield code="b">ill.</subfield>
    <subfield code="c">29cm.</subfield>
  </datafield>
  <datafield tag="942" ind1=" " ind2=" ">
    <subfield code="2">ddc</subfield>
    <subfield code="c">AGR</subfield>
  </datafield>
  <datafield tag="999" ind1=" " ind2=" ">
    <subfield code="c">443</subfield>
    <subfield code="d">443</subfield>
  </datafield>
  <datafield tag="952" ind1=" " ind2=" ">
    <subfield code="0">0</subfield>
    <subfield code="1">0</subfield>
    <subfield code="2">ddc</subfield>
    <subfield code="4">0</subfield>
    <subfield code="6">AGR_YI_1999_000000000000000_BOO25_OR_1</subfield>
    <subfield code="7">0</subfield>
    <subfield code="9">2095</subfield>
    <subfield code="a">LBB</subfield>
    <subfield code="b">LBB</subfield>
    <subfield code="c">B025</subfield>
    <subfield code="d">2015-09-14</subfield>
    <subfield code="o">AGR YI 1999 BOO25 Or.1</subfield>
    <subfield code="p">RUA004403</subfield>
    <subfield code="r">2015-09-14</subfield>
    <subfield code="w">2015-09-14</subfield>
    <subfield code="y">AGR</subfield>
  </datafield>
  <datafield tag="952" ind1=" " ind2=" ">
    <subfield code="0">0</subfield>
    <subfield code="1">0</subfield>
    <subfield code="2">ddc</subfield>
    <subfield code="4">0</subfield>
    <subfield code="6">AGR_YI_1999_000000000000000_BOO25_OR_2</subfield>
    <subfield code="7">0</subfield>
    <subfield code="9">2096</subfield>
    <subfield code="a">LBB</subfield>
    <subfield code="b">LBB</subfield>
    <subfield code="c">B025</subfield>
    <subfield code="d">2015-09-14</subfield>
    <subfield code="o">AGR YI 1999 BOO25 Or.2</subfield>
    <subfield code="p">RUA004018</subfield>
    <subfield code="r">2015-09-14</subfield>
    <subfield code="w">2015-09-14</subfield>
    <subfield code="y">AGR</subfield>
  </datafield>
  <datafield tag="952" ind1=" " ind2=" ">
    <subfield code="0">0</subfield>
    <subfield code="1">0</subfield>
    <subfield code="2">ddc</subfield>
    <subfield code="4">0</subfield>
    <subfield code="6">AGR_YI_1999_000000000000000_BOO25_OR_3</subfield>
    <subfield code="7">0</subfield>
    <subfield code="9">2097</subfield>
    <subfield code="a">LBB</subfield>
    <subfield code="b">LBB</subfield>
    <subfield code="c">B025</subfield>
    <subfield code="d">2015-09-14</subfield>
    <subfield code="o">AGR YI 1999 BOO25 Or.3</subfield>
    <subfield code="p">RUA004120</subfield>
    <subfield code="r">2015-09-14</subfield>
    <subfield code="w">2015-09-14</subfield>
    <subfield code="y">AGR</subfield>
  </datafield>
  <datafield tag="952" ind1=" " ind2=" ">
    <subfield code="0">0</subfield>
    <subfield code="1">0</subfield>
    <subfield code="2">ddc</subfield>
    <subfield code="4">0</subfield>
    <subfield code="6">AGR_YI_1999_000000000000000_BOO25_OR_4</subfield>
    <subfield code="7">0</subfield>
    <subfield code="9">2098</subfield>
    <subfield code="a">LBB</subfield>
    <subfield code="b">LBB</subfield>
    <subfield code="c">B025</subfield>
    <subfield code="d">2015-09-14</subfield>
    <subfield code="o">AGR YI 1999 BOO25 Or.4</subfield>
    <subfield code="p">RUA004475</subfield>
    <subfield code="r">2015-09-14</subfield>
    <subfield code="w">2015-09-14</subfield>
    <subfield code="y">AGR</subfield>
  </datafield>
  <datafield tag="952" ind1=" " ind2=" ">
    <subfield code="0">0</subfield>
    <subfield code="1">0</subfield>
    <subfield code="2">ddc</subfield>
    <subfield code="4">0</subfield>
    <subfield code="6">AGR_YI_1999_000000000000000_BOO25_OR_5</subfield>
    <subfield code="7">0</subfield>
    <subfield code="9">2099</subfield>
    <subfield code="a">LBB</subfield>
    <subfield code="b">LBB</subfield>
    <subfield code="c">B025</subfield>
    <subfield code="d">2015-09-14</subfield>
    <subfield code="o">AGR YI 1999 BOO25 Or.5</subfield>
    <subfield code="p">RUA004046</subfield>
    <subfield code="r">2015-09-14</subfield>
    <subfield code="w">2015-09-14</subfield>
    <subfield code="y">AGR</subfield>
  </datafield>
  <datafield tag="952" ind1=" " ind2=" ">
    <subfield code="0">0</subfield>
    <subfield code="1">0</subfield>
    <subfield code="2">ddc</subfield>
    <subfield code="4">0</subfield>
    <subfield code="6">AGR_YI_1999_000000000000000_BOO25_OR_6</subfield>
    <subfield code="7">0</subfield>
    <subfield code="9">2100</subfield>
    <subfield code="a">LBB</subfield>
    <subfield code="b">LBB</subfield>
    <subfield code="c">B025</subfield>
    <subfield code="d">2015-09-14</subfield>
    <subfield code="o">AGR YI 1999 BOO25 Or.6</subfield>
    <subfield code="p">RUA005083</subfield>
    <subfield code="r">2015-09-14</subfield>
    <subfield code="w">2015-09-14</subfield>
    <subfield code="y">AGR</subfield>
  </datafield>
  <datafield tag="952" ind1=" " ind2=" ">
    <subfield code="0">0</subfield>
    <subfield code="1">0</subfield>
    <subfield code="2">ddc</subfield>
    <subfield code="4">0</subfield>
    <subfield code="6">AGR_YI_1999_000000000000000_BOO25_OR_7</subfield>
    <subfield code="7">0</subfield>
    <subfield code="9">2101</subfield>
    <subfield code="a">LBB</subfield>
    <subfield code="b">LBB</subfield>
    <subfield code="c">B025</subfield>
    <subfield code="d">2015-09-14</subfield>
    <subfield code="o">AGR YI 1999 BOO25 Or.7</subfield>
    <subfield code="p">RUA005011</subfield>
    <subfield code="r">2015-09-14</subfield>
    <subfield code="w">2015-09-14</subfield>
    <subfield code="y">AGR</subfield>
  </datafield>
  <datafield tag="952" ind1=" " ind2=" ">
    <subfield code="0">0</subfield>
    <subfield code="1">0</subfield>
    <subfield code="2">ddc</subfield>
    <subfield code="4">0</subfield>
    <subfield code="6">AGR_YI_1999_000000000000000_BOO25_OR_8</subfield>
    <subfield code="7">0</subfield>
    <subfield code="9">2102</subfield>
    <subfield code="a">LBB</subfield>
    <subfield code="b">LBB</subfield>
    <subfield code="c">B025</subfield>
    <subfield code="d">2015-09-14</subfield>
    <subfield code="l">1</subfield>
    <subfield code="o">AGR YI 1999 BOO25 Or.8</subfield>
    <subfield code="p">RUA005082</subfield>
    <subfield code="r">2016-07-18</subfield>
    <subfield code="s">2016-07-04</subfield>
    <subfield code="w">2015-09-14</subfield>
    <subfield code="y">AGR</subfield>
  </datafield>
</record>
